000 00600nam a22001937a 4500
999 _c192214
_d192214
005 20220914104308.0
010 _aENG-135076
020 _a9789355481900
_c400.00
035 _aEN-118608
037 _bDBAD/PUB
082 _aN
100 _aKamat, Ashok
245 _aBlows of Destiny/
_cAshok Kamat and Translated by Ramesh Shankhwalkar
260 _aNew Delhi
_bSahitya Akademi
_c2021
270 _aRabindra Bhavan, 35, Ferozeshah Road
_bNew Delhi
_e110001
_msecretary@sahitya-akademi.gov.in
300 _aviii, 381p.
_c22cm(pbk)
700 _aShankhwalkar, Ramesh
942 _2ddc
_cEN
_hN
_mKAM